Normal view
MARC view
- Dr Samiur Rahman Shaha
Entry Personal Name
001 - CONTROL NUMBER
- control field: 122468
003 - CONTROL NUMBER IDENTIFIER
- control field: NUST
005 - DATE AND TIME OF LATEST TRANSACTION
- control field: 20240424145458.0
008 - FIXED-LENGTH DATA ELEMENTS
- fixed length control field: 240424|| aca||aabn | a|a d
040 ## - CATALOGING SOURCE
- Original cataloging agency: NUST
- Transcribing agency: NUST
100 ## - HEADING--PERSONAL NAME
- Personal name: Dr Samiur Rahman Shaha
670 ## - SOURCE DATA FOUND
- Source citation: Work cat.: (NUST): Malik ,Nayyer Nayyab 122467, WATER BRAKE ENGINE DYNAMOMETR CONTROL AND SOFTWARE DEVELOPMENT /
